000 00447nam a2200193 a 4500
001 1755065627127
003 ACL
005 20250813115300.0
008 250813s2008##################000#0#eng##
020 _a9780300119299
082 0 4 _a720.92
_bHAR
100 1 _aHart, Vaughan,
_eauthor.
245 1 0 _aSir John Vanbrugh :
260 _c2008.
300 _a312 pages
650 0 _aArchitecture.
942 _cENGLISH
040 _aACL
_beng
_cACL
999 _c581848
_d581848